Mezei András: Legendák születőben
Elmentve itt :
| Szerző: | |
|---|---|
| Adatforrás: | Philobibl |
| Forrásdokumentuma: | Tiszatáj 20.1966:11. p. 958-959. |
| Dokumentumtípus: | Cikk |
| Nyelv: | magyar |
| Megjelent: |
1966
|
| LEADER | 00307nab a2200109 c 4500 | ||
|---|---|---|---|
| 001 | bibPHI0032811 | ||
| 005 | 20200924123102.1 | ||
| 008 | 081014s1966 hu hun | ||
| 100 | 1 | |a Kelemen János | |
| 245 | 1 | 0 | |a Mezei András: Legendák születőben |c Kelemen János |
| 260 | |a 1966 | ||
| 773 | 0 | |t Tiszatáj |g 20.1966:11. p. 958-959. | |